| 000 | 00604nam a2200217Ia 4500 | ||
|---|---|---|---|
| 001 | 16639 | ||
| 003 | GE_BSU | ||
| 008 | 181216s||||||||xx |||||||||||||| ||und|| | ||
| 040 | _cGE_BSU | ||
| 080 | _a821.353.1-11 | ||
| 100 | _aლომოური, ნიკო | ||
| 245 | _aგიგო ღრუბელაშვილი | ||
| 245 | _bპოემა | ||
| 260 | _aთბილისი | ||
| 260 | _bსახელგამი | ||
| 260 | _c1928 | ||
| 300 | _a36გვ. ; 18სმ | ||
| 653 | _aგიგო ღრუბელაშვილი | ||
| 653 | _aპოემა | ||
| 942 | _cBK | ||
| 999 |
_c49705 _d49705 |
||